Children in Custody Disputes (Record no. 81024)

MARC details
000 -LEADER
fixed length control field 02583namaa2200517uu 4500
001 - CONTROL NUMBER
control field doab131982
003 - CONTROL NUMBER IDENTIFIER
control field oapen
005 - DATE AND TIME OF LATEST TRANSACTION
control field 20241211190844.0
006 - FIXED-LENGTH DATA ELEMENTS--ADDITIONAL MATERIAL CHARACTERISTICS
fixed length control field m o d
007 - PHYSICAL DESCRIPTION FIXED FIELD--GENERAL INFORMATION
fixed length control field cr|mn|---annan
008 - FIXED-LENGTH DATA ELEMENTS--GENERAL INFORMATION
fixed length control field 231214s2024 xx |||||o ||| 0|eng d
020 ## - INTERNATIONAL STANDARD BOOK NUMBER
International Standard Book Number 978-3-031-46301-3
020 ## - INTERNATIONAL STANDARD BOOK NUMBER
International Standard Book Number 9783031463006
020 ## - INTERNATIONAL STANDARD BOOK NUMBER
International Standard Book Number 9783031463013
024 7# - OTHER STANDARD IDENTIFIER
Standard number or code 10.1007/978-3-031-46301-3
Source of number or code doi
040 ## - CATALOGING SOURCE
Original cataloging agency oapen
Transcribing agency oapen
041 0# - LANGUAGE CODE
Language code of text/sound track or separate title eng
042 ## - AUTHENTICATION CODE
Authentication code dc
245 00 - TITLE STATEMENT
Title Children in Custody Disputes
Remainder of title Matching Legal Proceedings to Problems
260 ## - PUBLICATION, DISTRIBUTION, ETC.
Place of publication, distribution, etc. Cham
Name of publisher, distributor, etc. Springer Nature
Date of publication, distribution, etc. 2024
300 ## - PHYSICAL DESCRIPTION
Extent 1 online resource (221 p.)
336 ## - CONTENT TYPE
Content type term text
Content type code txt
Source rdacontent
337 ## - MEDIA TYPE
Media type term computer
Media type code c
Source rdamedia
338 ## - CARRIER TYPE
Carrier type term online resource
Carrier type code cr
Source rdacarrier
506 0# - RESTRICTIONS ON ACCESS NOTE
Standardized terminology for access restriction Unrestricted online access
Source of term star
520 ## - SUMMARY, ETC.
Summary, etc. ​This open access book explores how legal proceedings in and out-of-court can be matched to the complex problems underlying disputes concerning child custody, residence and contact between parents. It focusses in particular on Nordic experiences of in and out-of-court mechanisms as means of resolving custody disputes. The contributors are internationally renowned and experienced researchers from the legal, psychological, and sociological fields who provide empirical as well as legal perspectives. They examine central legal, ethical and knowledge-based dilemmas in custody dispute proceedings. The findings speak to an international audience and suggest ways how to best realize the interests of the child. It transcends disciplinary, institutional, and jurisdictional boundaries in search of new knowledge.
536 ## - FUNDING INFORMATION NOTE
Text of note Lunds Universitet
540 ## - TERMS GOVERNING USE AND REPRODUCTION NOTE
Terms governing use and reproduction Creative Commons
-- by/4.0/
-- cc
Uniform Resource Identifier <a href="http://creativecommons.org/licenses/by/4.0/">http://creativecommons.org/licenses/by/4.0/</a>
546 ## - LANGUAGE NOTE
Language note English
650 #7 - SUBJECT ADDED ENTRY--TOPICAL TERM
Topical term or geographic name entry element Central government policies
Source of heading or term bicssc
650 #7 - SUBJECT ADDED ENTRY--TOPICAL TERM
Topical term or geographic name entry element Clinical psychology
Source of heading or term bicssc
650 #7 - SUBJECT ADDED ENTRY--TOPICAL TERM
Topical term or geographic name entry element Juvenile offenders
Source of heading or term bicssc
650 #7 - SUBJECT ADDED ENTRY--TOPICAL TERM
Topical term or geographic name entry element Law & society
Source of heading or term bicssc
650 #7 - SUBJECT ADDED ENTRY--TOPICAL TERM
Topical term or geographic name entry element Public international law
Source of heading or term bicssc
650 #7 - SUBJECT ADDED ENTRY--TOPICAL TERM
Topical term or geographic name entry element Social work
Source of heading or term bicssc
720 1# - ADDED ENTRY--UNCONTROLLED NAME
Name Kaldal, Anna
Relator code edt
720 1# - ADDED ENTRY--UNCONTROLLED NAME
Name Hellner, Agnes
Relator code edt
720 1# - ADDED ENTRY--UNCONTROLLED NAME
Name Hellner, Agnes
Relator code oth
720 1# - ADDED ENTRY--UNCONTROLLED NAME
Name Kaldal, Anna
Relator code oth
720 1# - ADDED ENTRY--UNCONTROLLED NAME
Name Mattsson, Titti
Relator code edt
720 1# - ADDED ENTRY--UNCONTROLLED NAME
Name Mattsson, Titti
Relator code oth
793 0# -
-- DOAB Library.
856 40 - ELECTRONIC LOCATION AND ACCESS
Uniform Resource Identifier <a href="https://directory.doabooks.org/handle/20.500.12854/131982">https://directory.doabooks.org/handle/20.500.12854/131982</a>
-- 0
Public note Open Access: DOAB: description of the publication
856 40 - ELECTRONIC LOCATION AND ACCESS
Uniform Resource Identifier <a href="https://library.oapen.org/bitstream/20.500.12657/86136/1/978-3-031-46301-3.pdf">https://library.oapen.org/bitstream/20.500.12657/86136/1/978-3-031-46301-3.pdf</a>
-- 0
Public note Open Access: DOAB, download the publication
942 ## - ADDED ENTRY ELEMENTS (KOHA)
Koha item type E-Book
Holdings
Withdrawn status Damaged status Not for loan Home library Current library Date acquired Total Checkouts Date last seen Price effective from Koha item type
      Directory of Open Access Books Directory of Open Access Books 12/09/2024   12/09/2024 12/09/2024 E-Book

University of Rizal System
Email us at univlibservices@urs.edu.ph

Visit our Website www.urs.edu.ph/library